[Event "Sabaneta op-B 1st"]
[Site "Sabaneta"]
[Date "2022.11.30"]
[Round "8"]
[White "Bohorquez Gutierrez, Daniel"]
[Black "Rico Quintero, Mauricio"]
[Result "0-1"]
[WhiteElo "1600"]
[BlackElo "1629"]
[PlyCount "50"]
[EventDate "2022.11.25"]
[EventType "swiss"]
[EventRounds "8"]
[EventCountry "COL"]
[SourceTitle "CBM 211 Extra"]
[Source "ChessBase"]
[SourceDate "2023.01.31"]
[SourceVersion "1"]
[SourceVersionDate "2023.01.31"]
[SourceQuality "1"]

1. Nf3 Nc6 2. d4 e6 3. g3 Nf6 4. Bg2 d5 5. 0-0 Bd6 6. c4 b6 7. Nc3 Bb7 8. Bg5 h6 9. Bxf6 gxf6 10. cxd5 exd5 11. Nxd5 Bxg3 12. Nxf6+ Qxf6 13. fxg3 0-0-0 14. Ne5 Qe6 15. Nxf7 Qe3+ 16. Kh1 Rxd4 17. Qc2 Rd2 18. Qf5+ Kb8 19. Nxh8 Qxe2 20. Qf3 Qe5 21. Rac1 Nd8 22. Qf4 Qxf4 23. Rxf4 Rxg2 24. Re1 Re2+ 25. Kg1 Rxe1+ 0-1

[Event "Sabaneta op-B 1st"]
[Site "Sabaneta"]
[Date "2022.11.27"]
[Round "3"]
[White "Rico Quintero, Mauricio"]
[Black "Lucio Pinzon, Santiago"]
[Result "1-0"]
[WhiteElo "1629"]
[BlackElo "1150"]
[PlyCount "83"]
[EventDate "2022.11.25"]
[EventType "swiss"]
[EventRounds "8"]
[EventCountry "COL"]
[SourceTitle "CBM 211 Extra"]
[Source "ChessBase"]
[SourceDate "2023.01.31"]
[SourceVersion "1"]
[SourceVersionDate "2023.01.31"]
[SourceQuality "1"]

1. d4 d5 2. Nf3 Nf6 3. e3 e6 4. Bd3 b6 5. c3 Bb7 6. 0-0 c5 7. Nbd2 c4 8. Bc2 Nc6 9. Qe2 Bd6 10. e4 dxe4 11. Nxe4 Bc7 12. Qxc4 Nxe4 13. Bxe4 Na5 14. Qb5+ Qd7 15. Qxd7+ Kxd7 16. Re1 Bxe4 17. Rxe4 f5 18. Re1 Nc6 19. b3 h6 20. Bb2 g5 21. Rad1 Kc8 22. Rxe6 Kb7 23. c4 Rh7 24. d5 Nd8 25. Rf6 f4 26. d6 Bb8 27. b4 Nc6 28. a3 a6 29. c5 Ba7 30. Rd5 Re8 31. h3 Rd8 32. Ne5 Nxe5 33. Rxe5 Rdd7 34. a4 bxc5 35. bxc5 Kc6 36. Ba3 a5 37. Rfe6 Rh8 38. Re7 Rhd8 39. Kf1 Rxe7 40. Rxe7 Bxc5 41. Rc7+ Kxd6 42. Rxc5 1-0

[Event "Sabaneta op-B 1st"]
[Site "Sabaneta"]
[Date "2022.11.27"]
[Round "4"]
[White "Ruiz Jaraba, Valentina Sofia"]
[Black "Rico Quintero, Mauricio"]
[Result "1-0"]
[WhiteElo "1797"]
[BlackElo "1629"]
[PlyCount "49"]
[EventDate "2022.11.25"]
[EventType "swiss"]
[EventRounds "8"]
[EventCountry "COL"]
[SourceTitle "CBM 211 Extra"]
[Source "ChessBase"]
[SourceDate "2023.01.31"]
[SourceVersion "1"]
[SourceVersionDate "2023.01.31"]
[SourceQuality "1"]

1. e4 e6 2. d4 d5 3. exd5 exd5 4. Nf3 Nc6 5. c4 Bg4 6. Be3 Nf6 7. c5 Be7 8. Nc3 0-0 9. Be2 Re8 10. 0-0 Ne4 11. Rc1 Bf6 12. a3 Nxc3 13. Rxc3 Re4 14. Rd3 Ne7 15. h3 Bh5 16. g4 Bxg4 17. hxg4 Rxg4+ 18. Kh1 Nf5 19. Rg1 Nxe3 20. Rxe3 Rf4 21. Rg3 Qd7 22. Kg2 Re8 23. Bd3 g6 24. Rxe8+ Qxe8 25. Qd2 1-0